|
|
|
|
| LEADER |
01014nam a22002537a 4500 |
| 001 |
7035 |
| 003 |
BD-DhAAL |
| 008 |
130901s1993 xxua 000 0 eng |
| 020 |
|
|
|a 1882839145
|
| 040 |
|
|
|a BD-DhAAL
|c BD-DhAAL
|
| 082 |
|
|
|a 362.1/068/1
|
| 100 |
|
|
|a Millar, Mary.
|9 2865
|
| 245 |
|
|
|a Cost analysis :
|b module 8 facilitator's guide /
|c Mary Millar.
|
| 260 |
|
|
|a Washington DC. :
|b Aga khan foundation,
|c 1993.
|
| 300 |
|
|
|a 54 p. :
|b ill. ;
|c 21 cm.
|
| 490 |
|
|
|a Primary Health Care Management Advancement Programme.
|
| 541 |
|
|
|e 7035
|
| 650 |
|
|
|a Primary Health Care
|x economics
|9 2866
|
| 650 |
|
|
|a Cost Analysis.
|9 2867
|
| 650 |
|
|
|a Primary Health Care.
|9 2868
|
| 942 |
|
|
|2 ddc
|c BK
|
| 999 |
|
|
|c 13911
|d 13911
|
| 952 |
|
|
|0 0
|1 0
|2 ddc
|4 0
|6 362_106810000000000_MIL
|7 0
|9 23282
|a BRACUL
|b BRACUL
|c GEN
|d 2013-09-01
|l 0
|o 362.10681 MIL
|p 3010007035
|r 2013-09-01
|t 1
|w 2013-09-01
|y BK
|
| 952 |
|
|
|0 0
|1 0
|2 ddc
|4 0
|6 362_106810000000000_MIL
|7 0
|9 23929
|a BRACUL
|b BRACUL
|c GEN
|d 2014-02-27
|l 0
|o 362.10681 MIL
|p 3010007036
|r 2014-02-27
|t 2
|w 2014-02-27
|y BK
|